TECNICA DEL DIRECTOR DE T.V. (Registro nro. 14743)
[ vista simple ]
| 000 -LEADER | |
|---|---|
| fixed length control field | 00455nam a2200169 a 4500 |
| 001 - CONTROL NUMBER | |
| control field | 14743 |
| 005 - DATE AND TIME OF LATEST TRANSACTION | |
| control field | 20180713203252.0 |
| 008 - FIXED-LENGTH DATA ELEMENTS--GENERAL INFORMATION | |
| fixed length control field | 140415s1970 000 0 spa d |
| 041 ## - LANGUAGE CODE | |
| Language code of text/sound track or separate title | spa |
| 082 ## - DEWEY DECIMAL CLASSIFICATION NUMBER | |
| Classification number | 791.450233 |
| Item number | LEW |
| 100 1# - MAIN ENTRY--PERSONAL NAME | |
| Personal name | LEWIS, COLBY |
| 245 10 - TITLE STATEMENT | |
| Title | TECNICA DEL DIRECTOR DE T.V. |
| 260 ## - PUBLICATION, DISTRIBUTION, ETC. | |
| Place of publication, distribution, etc. | [s.l.] : |
| Name of publisher, distributor, etc. | PAX-MEXICO, |
| Date of publication, distribution, etc. | 1970 |
| 300 ## - PHYSICAL DESCRIPTION | |
| Extent | 272 |
| 650 14 - SUBJECT ADDED ENTRY--TOPICAL TERM | |
| Topical term or geographic name entry element | TELEVISION |
| General subdivision | PRODUCCION Y DIRECCION |
| 700 1# - ADDED ENTRY--PERSONAL NAME | |
| Personal name | BARCENA, AGUSTIN |
| Relator term | tr. |
| Withdrawn status | Lost status | Source of classification or shelving scheme | Damaged status | Not for loan | Collection code | Home library | Current library | Shelving location | Date acquired | Source of acquisition | Inventory number | Total Checkouts | Full call number | Barcode | Date last seen | Date last checked out | Price effective from | Koha item type |
|---|---|---|---|---|---|---|---|---|---|---|---|---|---|---|---|---|---|---|
| Dewey Decimal Classification | General | Biblioteca Karol Wojtyla | Biblioteca Karol Wojtyla | Sala general | 03/12/2013 | Compra | 151000000000000000031121 | 791.450233 LEW | 32089 | 05/01/2026 | 16/11/2016 | 03/12/2013 | Libro |